| 000 | 00631nam a2200193 i 4500 | ||
|---|---|---|---|
| 001 | 40389 | ||
| 003 | ES-MaACL | ||
| 005 | 20250522063043.0 | ||
| 007 | t| | ||
| 008 | 030306s1964 sp ||||1| spa d | ||
| 100 | 1 |
_aCarnicer, Ramón, _d1912-2007 _935377 |
|
| 245 | 1 | 0 |
_aDonde Las Hurdes se llaman Cabrera / _cRamón Carnicer ; ilustraciones fotográficas del autor. |
| 260 |
_aBarcelona : _bSeix Barral, _c1964. |
||
| 300 |
_a193 p., 5 lám., 1 gráf. ; _c18 cm. |
||
| 490 | 1 | _aBiblioteca breve | |
| 830 | 0 |
_aBiblioteca breve (Seix Barral) _9227188 |
|
| 852 |
_aES-MaACL _jC-26469 _bR.55115 |
||
| 999 |
_c40389 _d40389 |
||